Opticks ; or, A treatise of the reflections, refractions, inflections & colours of light. Based on the 4th ed., London, 1730 /

Bibliographic Details
Main Author: Newton, Isaac, 1642-1727
Format: Book
Language:English
Published: New York : Dover Publications, [1952]
Subjects:

MARC

Tag First Indicator Second Indicator Subfields
LEADER 00000cam a22000001 4500
001 in00000325413
005 20151011051125.0
008 721213s1952 nyuach b 00000 eng d
010 |a  52012165  
035 |a (OCoLC)00535546 
035 |9 ABK6677AM 
040 |a DLC  |c DLC  |d MCL  |d TXA  |d UtOrBLW 
049 |a TXAM  |c 1 [217900]  |c 2 [902325] 
050 0 0 |a QC353  |b .N57 1952 
100 1 |a Newton, Isaac,  |d 1642-1727. 
245 1 0 |a Opticks ;  |b or, A treatise of the reflections, refractions, inflections & colours of light. Based on the 4th ed., London, 1730 /  |c with a foreword by Albert Einstein, an introd. by Sir Edmund Whittaker, a pref. by I. Bernard Cohen, and an analytical table of contents prepared by Duane H. D. Roller. 
264 1 |a New York :  |b Dover Publications,  |c [1952] 
300 |a cxv, 406 pages :  |b illustrations, portraits, facsimiles ;  |c 19 cm. 
336 |a text  |b txt  |2 rdacontent 
337 |a unmediated  |b n  |2 rdamedia 
338 |a volume  |b nc  |2 rdacarrier 
504 |a Bibliography: p. l-lviii. 
650 0 |a Optics  |v Early works to 1800. 
999 |a MARS 
999 f f |s 4682fb5d-2241-3fdd-838b-a9b4bef6eca5  |i 38cdfce8-3d2f-3c38-8d48-be564fcef7e8  |t 0 
952 f f |p ric  |a Texas A&M University  |b Rellis Campus  |c Joint Library Facility  |s JLF  |d Remote Storage  |t 0  |e QC353 .N57 1952  |h Library of Congress classification  |i unmediated -- volume  |m A14804623077 
998 f f |a QC353 .N57 1952  |t 0  |l Remote Storage